| 000 | 00450nam a2200181Ia 4500 | ||
|---|---|---|---|
| 001 | 2114 | ||
| 005 | 20260306143818.0 | ||
| 008 | 260306t2012||||xx |||||||||||||| ||spa|| | ||
| 041 | _aESP | ||
| 082 |
_a612.825 _bC68 |
||
| 100 |
_aClark, David L. _eAUT |
||
| 245 | 0 |
_aEl cerebro y la conducta: _bneuroanatomía para psicólogos |
|
| 260 | _c2012 | ||
| 300 |
_a245 páginas : _c24 cm. |
||
| 650 | _aGEN | ||
| 654 | _aCPS | ||
| 942 |
_cLIB _dJUS _fJUS _2ddc _n |
||
| 999 |
_c2114 _d2114 |
||